• 首页
  • 本馆介绍
  • 公告通知
  • 最新文献
  • 馆藏检索
  • 电子资源
  • 读者导购
  • 参考咨询
  • 我的图书馆
  • 登录
  • 详细信息显示
  • 放入我的书架
  • 预约/预借图书
  • 作者相关作品
  • 分类相关作品
  • 丛书相关作品
  • 出版社相关作品

书目信息

  • 表格格式
  • 工作单格式
  • 卡片格式
题名:
无线电技术
    
 
作者: 拉姆拉岛 著 ;班冀超 , 潘恂如 译
分册:  
出版信息: 北京    
页数: 418页
开本: 20cm
丛书名:
单 册:
中图分类: TN014
科图分类:
主题词: 无线电技术--专业学校--教材
电子资源:
ISBN:
000 00796nam0 2200277 45
001 182007189
005 20060722082749.46
010    @dCNY2.00
091    @a15010.93
100    @a19950313d1954 em y0chiy0121 ea
101 0  @achi
102    @aCN@b110000
102    @aCN@b110000
105    @ay z 000yy
200 10 @a无线电技术@Awu xian dian ji shu@f(俄)д·н·拉姆拉岛著@g班冀超,潘恂如译@Gban ji chao,pan xun ru yi@F(e)д·н·la mu la dao zhu
210    @a北京
215    @a418页@d20cm
606    @a无线电技术@x专业学校@x教材
690    @aTN014@v3 
701  0 @a拉姆拉岛@Ala mu la dao@4著
702  0 @a班冀超@Aban ji chao@4译
702  0 @a潘恂如@Apan xun ru@4译
801  2 @aCN@bNLC@c20060719
801  0 @aCN@bTSSF@c20060722
905    @dTN014@e80
高?  < font color ='#ff0000'>@a冉逃霭嫔?d1954
    
    无线电技术/(俄)д·н·拉姆拉岛著/班冀超,潘恂如译.-北京
    418页;20cm
    
    
    ISBN :CNY2.00
    
●
相关链接 在E读中查询图书 在五车中查询图书 在当当中查询图书 在豆瓣中查询图书


正题名:无线电技术     索取号:TN014/80         预约/预借

序号 登录号 条形码 馆藏地/架位号 状态 备注
1 0437729   204377290   密集书库/ [索取号:TN014/80] 在馆    
唐山师范学院图书馆 欢迎您!
大连网信软件有限公司© 版权所有